Online katalóg knižníc regiónu Turca

Poklad na striebornom jazere (Record no. 22582)

MARC details
000 -LEADER
fixed length control field 00765nam a2200253 a 4500
001 - CONTROL NUMBER
control field 22582
003 - CONTROL NUMBER IDENTIFIER
control field SK-KTurca
005 - DATE AND TIME OF LATEST TRANSACTION
control field 20260401141315.0
008 - FIXED-LENGTH DATA ELEMENTS--GENERAL INFORMATION
fixed length control field 950616s1988 xo a 000 1 slo c
035 ## - SYSTEM CONTROL NUMBER
System control number UKB000167734
040 ## - CATALOGING SOURCE
Original cataloging agency BAA001
Language of cataloging slo
Transcribing agency BAA001
Description conventions AACR2
041 1# - LANGUAGE CODE
Language code of text/sound track or separate title slo
Language code of original ger
044 ## - COUNTRY OF PUBLISHING/PRODUCING ENTITY CODE
MARC country code xo
ISO country code SK
084 ## - OTHER CLASSIFICATION NUMBER
Classification number W 9(4N)62-46
Number source UKB
100 1# - MAIN ENTRY--PERSONAL NAME
Personal name May, Karl
Dates associated with a name 1842-1912
245 00 - TITLE STATEMENT
Title Poklad na striebornom jazere
Statement of responsibility, etc. Z nem. orig. prel. a pozn. zost.Teofil Ušák ; Ilustr. Teodor Schnitzer
250 ## - EDITION STATEMENT
Edition statement 4. vyd.
260 ## - PUBLICATION, DISTRIBUTION, ETC.
Place of publication, distribution, etc. Bratislava
Name of publisher, distributor, etc. Mladé letá
Date of publication, distribution, etc. 1988
300 ## - PHYSICAL DESCRIPTION
Extent 573 s.
Other physical details ilustr.
500 ## - GENERAL NOTE
General note Klub mladých čitateľov. Pre čitateľov od 11 rokov
700 1# - ADDED ENTRY--PERSONAL NAME
Personal name Ušák, Teofil
Relationship trl
700 1# - ADDED ENTRY--PERSONAL NAME
Personal name Schnitzer, Teodor
Relationship ill
942 ## - ADDED ENTRY ELEMENTS (KOHA)
Source of classification or shelving scheme Dewey Decimal Classification
Koha item type Krásna literatúra pre dospelých
Suppress in OPAC No
Holdings
Stav vyradenia Strata Poškodenie Spôsob nadobudnutia Domovská knižnica Aktuálna knižnica Dátum nadobudnutia Total checkouts Čiarový kód exemplára Date last seen Typ exemplára
      Dar Obecná knižnica Turčianska Štiavnička Obecná knižnica Turčianska Štiavnička 01.04.2026   4738000910 01.04.2026 Krásna literatúra pre dospelých
Projekt je podporený Slovenskou asociáciou knižníc
Prevádzkuje Turčianska knižnica Martin 2026